[Event "Bronshoj Lang Weekend 2013"]
[Site "Bronshoj"]
[Date "2013.02.10"]
[Round "4"]
[White "Jensen, Simon Stibolt"]
[Black "Brondum, Jan Kraul"]
[Result "1-0"]
[WhiteElo "1519"]
[BlackElo "1309"]
[PlyCount "69"]
[EventDate "2013.??.??"]
[EventType "swiss"]
[EventRounds "7"]
[EventCountry "DEN"]

1. e4 e5 2. Nf3 Nc6 3. Bb5 a6 4. Ba4 Nf6 5. d3 b5 6. Bb3 Be7 7. O-O O-O 8. Nc3
d6 9. h3 Na5 10. Bg5 c6 11. Qd2 Nxb3 12. axb3 Be6 13. Ra2 b4 14. Ne2 c5 15.
Rfa1 Qb6 16. Nh2 Rfe8 17. Nf1 d5 18. Bxf6 Bxf6 19. exd5 Bxd5 20. Ne3 Bb7 21.
Nc4 Qc6 22. f3 Qc7 23. Ng3 Bh4 24. Ne4 Re6 25. Qe3 Bxe4 26. Qxe4 Qd8 27. Ra5 f5
28. Qxf5 Qd4+ 29. Kh1 Rae8 30. Rf1 Bf6 31. Qe4 Qd7 32. Rxc5 Qe7 33. Ra5 Qf8 34.
Rfa1 Ra8 35. Qd5 1-0

[Event "Bronshoj Lang Weekend 2013"]
[Site "Bronshoj"]
[Date "2013.02.10"]
[Round "4"]
[White "Hansen, Morten Juhl"]
[Black "Jensen, Jonbert"]
[Result "1/2-1/2"]
[WhiteElo "1000"]
[BlackElo "1392"]
[PlyCount "64"]
[EventDate "2013.??.??"]
[EventType "swiss"]
[EventRounds "7"]
[EventCountry "DEN"]

1. d4 Nf6 2. Nf3 g6 3. c4 Bg7 4. Nc3 O-O 5. e3 c6 6. b3 d5 7. Bd3 Re8 8. h3
Nbd7 9. cxd5 Nxd5 10. Nxd5 cxd5 11. O-O e5 12. Bb5 a6 13. Bxd7 Qxd7 14. dxe5
Bxe5 15. Nxe5 Rxe5 16. Bb2 Re8 17. Qd4 Kf8 18. Ba3+ Kg8 19. Bb2 Kf8 20. Qh8+
Ke7 21. Qf6+ Kf8 22. Qg7+ Ke7 23. Ba3+ Ke6 24. Qxh7 b5 25. f4 d4 26. e4 Bb7 27.
Qg7 Qc7 28. Rac1 Qb8 29. Qxd4 Qa7 30. Rcd1 f6 31. Qxa7 Rxa7 32. Rd6+ Kf7
1/2-1/2

[Event "Bronshoj Lang Weekend 2013"]
[Site "Bronshoj"]
[Date "2013.02.10"]
[Round "4"]
[White "Pedersen, Bo V"]
[Black "Kristensen, Lars Ostergaard"]
[Result "1/2-1/2"]
[WhiteElo "1425"]
[BlackElo "1495"]
[PlyCount "168"]
[EventDate "2013.??.??"]
[EventType "swiss"]
[EventRounds "7"]
[EventCountry "DEN"]

1. d4 d5 2. c4 e6 3. e3 c5 4. Nf3 Nc6 5. cxd5 exd5 6. Bb5 a6 7. Be2 Nf6 8. b3
Bf5 9. O-O Bd6 10. dxc5 Bxc5 11. Bb2 Nb4 12. Ne1 O-O 13. Na3 Re8 14. Nac2 Rc8
15. Nd3 Nxc2 16. Qxc2 Bxe3 17. Qd1 Bh6 18. Ne1 Qe7 19. Bf3 Red8 20. Qd4 Qc5 21.
Rd1 Qxd4 22. Bxd4 Ne4 23. Be3 Nc3 24. Rd2 Bxe3 25. fxe3 Ne4 26. Bxe4 Bxe4 27.
Nf3 Rc3 28. Kf2 h6 29. g3 Rdc8 30. Nd4 Re8 31. Re1 Re5 32. g4 h5 33. h3 Kh7 34.
Kg3 Bg6 35. Kf4 Re4+ 36. Kf3 hxg4+ 37. hxg4 Re8 38. Rh1+ Kg8 39. Re1 Be4+ 40.
Kf4 f6 41. Kg3 Bg6 42. Kf4 Re4+ 43. Kf3 Kf8 44. Nf5 Re5 45. Nd4 Bf7 46. Kf4 g6
47. Kf3 Ke8 48. Kf4 Kd7 49. Kf3 Kd6 50. Rc2 Rd3 51. Ree2 f5 52. gxf5 gxf5 53.
Kf2 Bg6 54. Rcd2 Rxd2 55. Rxd2 Re8 56. Kf3 Ke5 57. Ne2 Bh5+ 58. Kf2 Rg8 59. Nf4
Bf7 60. Rd4 Rc8 61. Rd2 Rh8 62. Kg3 Ke4 63. Re2 Rg8+ 64. Kf2 Rh8 65. Kg2 Rh6
66. Kg3 Rh1 67. Kg2 Rc1 68. Kf2 Rc3 69. Re1 Rc2+ 70. Re2 Rxe2+ 71. Kxe2 Be8 72.
Kd2 Bb5 73. Ne6 Bc6 74. Nc5+ Kf3 75. Kd3 f4 76. exf4 Kxf4 77. Kd4 Kf5 78. b4
Kf4 79. a4 b5 80. axb5 axb5 81. Ne6+ Kf5 82. Nc7 Kf6 83. Nxd5+ Ke6 84. Nb6 Kd6
1/2-1/2

[Event "Bronshoj Lang Weekend 2013"]
[Site "Bronshoj"]
[Date "2013.02.10"]
[Round "5"]
[White "Rosenkilde, Alexander"]
[Black "Semcesen, Daniel"]
[Result "1/2-1/2"]
[WhiteElo "2242"]
[BlackElo "2479"]
[PlyCount "47"]
[EventDate "2013.??.??"]
[EventType "swiss"]
[EventRounds "7"]
[EventCountry "DEN"]

1. d4 d5 2. c4 c6 3. Nf3 Nf6 4. e3 Bg4 5. Nc3 e6 6. Qb3 Qb6 7. Nh4 Bh5 8. h3 g5
9. g4 gxh4 10. gxh5 Rg8 11. Be2 Nbd7 12. Bd2 O-O-O 13. O-O-O Be7 14. Rhg1 Qxb3
15. axb3 Ne4 16. Nxe4 dxe4 17. f3 Nf6 18. f4 Rxg1 19. Rxg1 Rg8 20. Rxg8+ Nxg8
21. Bg4 f5 22. Be2 a6 23. b4 b5 24. b3 1/2-1/2

[Event "Bronshoj Lang Weekend 2013"]
[Site "Bronshoj"]
[Date "2013.02.10"]
[Round "5"]
[White "Pedersen, Nicolai Vesterbaek"]
[Black "Nohr, Finn"]
[Result "1-0"]
[WhiteElo "2440"]
[BlackElo "2054"]
[PlyCount "63"]
[EventDate "2013.??.??"]
[EventType "swiss"]
[EventRounds "7"]
[EventCountry "DEN"]

1. d4 d5 2. c4 c6 3. Nf3 Nf6 4. e3 Bf5 5. Nc3 e6 6. Nh4 Bg6 7. Nxg6 hxg6 8. Bd2
Nbd7 9. Qc2 Ng4 10. Be2 Qh4 11. g3 Qh3 12. Bf1 Qh5 13. h3 Qf5 14. Qxf5 gxf5 15.
f3 Ngf6 16. a3 Bd6 17. Kf2 O-O-O 18. b4 dxc4 19. Bxc4 Nb6 20. Bd3 g6 21. g4
fxg4 22. hxg4 e5 23. g5 exd4 24. gxf6 dxc3 25. Bxc3 Rh2+ 26. Rxh2 Bxh2 27. Be4
Nd7 28. f4 Re8 29. Bf3 g5 30. Rh1 gxf4 31. Rxh2 fxe3+ 32. Ke2 1-0

[Event "Bronshoj Lang Weekend 2013"]
[Site "Bronshoj"]
[Date "2013.02.10"]
[Round "5"]
[White "Christiansen, Johan Sebastian"]
[Black "Pedersen, Jan Nordenbaek"]
[Result "1/2-1/2"]
[WhiteElo "2071"]
[BlackElo "2263"]
[PlyCount "67"]
[EventDate "2013.??.??"]
[EventType "swiss"]
[EventRounds "7"]
[EventCountry "DEN"]

1. d4 d5 2. c4 e6 3. Nc3 c5 4. cxd5 exd5 5. Nf3 Nc6 6. g3 Nf6 7. Bg2 Be7 8. O-O
O-O 9. dxc5 Bxc5 10. Bg5 d4 11. Bxf6 Qxf6 12. Ne4 Qe7 13. Nxc5 Qxc5 14. Rc1 Qb6
15. Qc2 h6 16. Rfd1 Be6 17. b3 Rfd8 18. Qc5 Rd5 19. Qxb6 axb6 20. Rd2 Rda5 21.
Rcc2 Rc5 22. Rxc5 bxc5 23. Rb2 c4 24. bxc4 Bxc4 25. Nd2 Bxe2 26. Nb3 d3 27.
Bxc6 bxc6 28. Nc1 Re8 29. f4 c5 30. Kf2 Bd1 31. Rd2 Bc2 32. Nxd3 Bxd3 33. Rxd3
Ra8 34. Rd2 1/2-1/2

[Event "Bronshoj Lang Weekend 2013"]
[Site "Bronshoj"]
[Date "2013.02.10"]
[Round "5"]
[White "Petersen, Peter Birk"]
[Black "Stojanovski, Sandi"]
[Result "1/2-1/2"]
[WhiteElo "2121"]
[BlackElo "2230"]
[PlyCount "32"]
[EventDate "2013.??.??"]
[EventType "swiss"]
[EventRounds "7"]
[EventCountry "DEN"]

1. e4 c5 2. Nf3 e6 3. d4 cxd4 4. Nxd4 Nf6 5. Nc3 Nc6 6. Ndb5 d6 7. Bf4 e5 8.
Bg5 a6 9. Na3 b5 10. Nd5 Be7 11. Nxe7 Nxe7 12. Bxf6 gxf6 13. c4 f5 14. exf5
Nxf5 15. Bd3 Qa5+ 16. Qd2 Qxd2+ 1/2-1/2

[Event "Bronshoj Lang Weekend 2013"]
[Site "Bronshoj"]
[Date "2013.02.10"]
[Round "5"]
[White "Danielsson, Dominik"]
[Black "Ulrich, Thomas"]
[Result "1-0"]
[WhiteElo "1895"]
[BlackElo "2060"]
[PlyCount "153"]
[EventDate "2013.??.??"]
[EventType "swiss"]
[EventRounds "7"]
[EventCountry "DEN"]

1. d4 e6 2. Nf3 Nf6 3. Bf4 c5 4. c3 b6 5. Nbd2 Be7 6. e3 O-O 7. Bd3 cxd4 8.
exd4 Ba6 9. Bxa6 Nxa6 10. O-O Qc8 11. Qe2 Qb7 12. Nc4 Qe4 13. Be3 Nc7 14. Nfd2
Qd5 15. Bf4 Rac8 16. a4 Rfd8 17. Ne3 Qh5 18. g4 Qg6 19. Bxc7 Rxc7 20. f4 Re8
21. Rf2 Ne4 22. f5 exf5 23. Nxf5 d5 24. Nxe4 dxe4 25. Qxe4 Qc6 26. Qxc6 Rxc6
27. Re1 Re6 28. Rxe6 fxe6 29. Nxe7+ Rxe7 30. Re2 Kf7 31. Kf2 Rd7 32. Kf3 Kf6
33. h4 Rf7 34. Kg3 Rd7 35. Re5 Ke7 36. Re4 Kd6 37. c4 Rf7 38. Rf4 Rc7 39. b3 e5
40. dxe5+ Kxe5 41. Kf3 Kd6 42. Rf5 Re7 43. Rd5+ Kc6 44. a5 bxa5 45. Rxa5 Rb7
46. Ke4 Re7+ 47. Kf4 Rf7+ 48. Kg5 Kb6 49. Rb5+ Kc6 50. h5 Kc7 51. h6 Re7 52.
hxg7 Rxg7+ 53. Kh5 Re7 54. Kh6 Rf7 55. Rf5 Re7 56. Rf4 Kd6 57. Rd4+ Kc6 58. Rd3
Kc5 59. Kg5 Rg7+ 60. Kf5 Rf7+ 61. Ke6 Rg7 62. Rd5+ Kc6 63. g5 Rg6+ 64. Kf7 Kc7
65. c5 Kc8 66. b4 a6 67. Ke8 Rg8+ 68. Ke7 Rg6 69. Rd6 Rxg5 70. Rxa6 h5 71. Kf6
Rd5 72. Ke6 Rd4 73. b5 h4 74. b6 Rc4 75. Kd5 Rc1 76. Kc6 Kd8 77. b7 1-0

[Event "Bronshoj Lang Weekend 2013"]
[Site "Bronshoj"]
[Date "2013.02.10"]
[Round "5"]
[White "Stolberg Rohr, Thomine"]
[Black "Kirknel, Thomas"]
[Result "1-0"]
[WhiteElo "2025"]
[BlackElo "2111"]
[PlyCount "63"]
[EventDate "2013.??.??"]
[EventType "swiss"]
[EventRounds "7"]
[EventCountry "DEN"]

1. e4 c5 2. Nc3 Nc6 3. f4 g6 4. Nf3 Bg7 5. Bb5 Nd4 6. Bd3 d6 7. Nxd4 cxd4 8.
Ne2 Nf6 9. O-O O-O 10. c3 dxc3 11. dxc3 Nd7 12. Ng3 Nc5 13. Bc2 b6 14. f5 Ba6
15. Rf2 Rc8 16. Be3 Nd7 17. Bb3 Ne5 18. fxg6 hxg6 19. Bd4 Qd7 20. Rf4 Nd3 21.
Rh4 e5 22. Be3 Nxb2 23. Qc1 Nc4 24. Bh6 Bf6 25. Bg5 Qe6 26. Nf5 gxf5 27. Rh6
Bg7 28. Rxe6 fxe6 29. exf5 exf5 30. Qd1 e4 31. Qxd6 Bxc3 32. Rc1 1-0

[Event "Bronshoj Lang Weekend 2013"]
[Site "Bronshoj"]
[Date "2013.02.10"]
[Round "5"]
[White "Hansen, Rasmus Agertoft"]
[Black "Jacobsen, Mads Holger Bang"]
[Result "0-1"]
[WhiteElo "1975"]
[BlackElo "2007"]
[PlyCount "82"]
[EventDate "2013.??.??"]
[EventType "swiss"]
[EventRounds "7"]
[EventCountry "DEN"]

1. b3 c5 2. c4 Nf6 3. Bb2 e6 4. d3 d5 5. Nd2 Nc6 6. a3 Be7 7. e3 Rb8 8. Ngf3
Qc7 9. Be2 O-O 10. O-O e5 11. Qc2 d4 12. Kh1 dxe3 13. Ne4 Ng4 14. h3 Nxf2+ 15.
Nxf2 exf2 16. Rxf2 f5 17. Bf1 Bf6 18. Re1 Bd7 19. Rfe2 Rbe8 20. Bc3 Nd4 21.
Nxd4 exd4 22. Rxe8 Rxe8 23. Rxe8+ Bxe8 24. Qe2 Qe5 25. Ba5 b6 26. Bd2 Qxe2 27.
Bxe2 g5 28. Kg1 Kg7 29. Kf2 Kg6 30. Bf3 h5 31. a4 g4 32. Bb7 Bg5 33. Be1 gxh3
34. gxh3 Bh4+ 35. Kf1 Bxe1 36. Kxe1 Kg5 37. Kf2 Kf4 38. Bf3 h4 39. Be2 Kg5 40.
Bd1 Bh5 41. Bc2 Kf4 0-1

[Event "Bronshoj Lang Weekend 2013"]
[Site "Bronshoj"]
[Date "2013.02.10"]
[Round "5"]
[White "Christensen, Esben"]
[Black "Nielsen, Henning"]
[Result "0-1"]
[WhiteElo "1926"]
[BlackElo "2129"]
[PlyCount "100"]
[EventDate "2013.??.??"]
[EventType "swiss"]
[EventRounds "7"]
[EventCountry "DEN"]

1. e4 e5 2. Nf3 Nc6 3. Bc4 Nf6 4. d3 Be7 5. O-O O-O 6. Re1 d6 7. c3 Na5 8. Bb5
a6 9. Ba4 b5 10. Bc2 c5 11. Nbd2 Qc7 12. Nf1 Rd8 13. h3 d5 14. exd5 Rxd5 15.
Qe2 Bf5 16. Ng3 Bg6 17. Nxe5 Bd6 18. Nxg6 hxg6 19. Ne4 Re5 20. Nxf6+ gxf6 21.
Be3 Rae8 22. Qf3 Qe7 23. Kf1 Rf5 24. Qg4 Re5 25. d4 cxd4 26. cxd4 f5 27. Qf3
Re6 28. b3 Bb4 29. Red1 Qc7 30. d5 Rxe3 31. fxe3 Qxc2 32. d6 Rd8 33. Rac1 Qxa2
34. d7 Qxb3 35. Rc8 Be7 36. Rd4 Qb1+ 37. Ke2 Nc4 38. Qa8 Qa2+ 39. Kf3 Qa5 40.
Rd5 Kg7 41. Rxd8 Bxd8 42. Rc5 Qb6 43. Qd5 Kf8 44. Qd4 Ke7 45. Ke2 Qf6 46. Qd5
Qe6 47. Qd4 f6 48. Rd5 Kf7 49. Rc5 Bb6 50. Rxc4 Qxc4+ 0-1

[Event "Bronshoj Lang Weekend 2013"]
[Site "Bronshoj"]
[Date "2013.02.10"]
[Round "5"]
[White "Eddy, Samuel"]
[Black "Olsen, Michael Richard W"]
[Result "1-0"]
[WhiteElo "2009"]
[BlackElo "1896"]
[PlyCount "87"]
[EventDate "2013.??.??"]
[EventType "swiss"]
[EventRounds "7"]
[EventCountry "DEN"]

1. d4 d5 2. c4 e6 3. Nc3 Nf6 4. cxd5 exd5 5. Bg5 Be7 6. Qc2 Be6 7. e3 Nbd7 8.
Bd3 c6 9. Nge2 h6 10. Bh4 g5 11. Bg3 Nh5 12. O-O Nf8 13. f4 f6 14. Rae1 Qd7 15.
f5 Bf7 16. Bf2 Nh7 17. g4 Ng7 18. e4 dxe4 19. Nxe4 O-O 20. Bg3 Rfd8 21. Bc4 Bd5
22. Nc5 Bxc5 23. dxc5 Bxc4 24. Qxc4+ Qd5 25. Qxd5+ Rxd5 26. Nc3 Rxc5 27. Re7
Rf8 28. Rd1 Re8 29. Rxb7 Nf8 30. Bd6 Rc4 31. h3 Rd8 32. Ba3 Rxd1+ 33. Nxd1 Rc1
34. Rb8 Rxd1+ 35. Kf2 Rd2+ 36. Ke3 Rh2 37. Rxf8+ Kh7 38. Rxf6 Rxh3+ 39. Kf2
Rh2+ 40. Kg3 Rh4 41. Rf7 Kg8 42. Rf8+ Kh7 43. f6 Ne6 44. Re8 1-0

[Event "Bronshoj Lang Weekend 2013"]
[Site "Bronshoj"]
[Date "2013.02.10"]
[Round "5"]
[White "Kokholm, Daniel"]
[Black "Ronsted, Torben"]
[Result "0-1"]
[WhiteElo "1910"]
[BlackElo "2009"]
[PlyCount "68"]
[EventDate "2013.??.??"]
[EventType "swiss"]
[EventRounds "7"]
[EventCountry "DEN"]

1. e4 c5 2. Nc3 Nc6 3. f4 g6 4. Nf3 Bg7 5. Bc4 e6 6. Qe2 a6 7. a4 Nge7 8. d3
Nd4 9. Nxd4 cxd4 10. Nd1 d5 11. exd5 Nxd5 12. O-O O-O 13. Qf3 Nb4 14. c3 Nc6
15. Kh1 Na5 16. Ba2 Bd7 17. c4 Bc6 18. Qh3 Bxa4 19. Nf2 b5 20. c5 Nb3 21. Rb1
b4 22. Bxb3 Bxb3 23. Bd2 a5 24. Ne4 Bd5 25. Ng5 h6 26. Nf3 Bxf3 27. Rxf3 Kh7
28. Re1 Rc8 29. Re5 Re8 30. g4 f5 31. Re1 Rxc5 32. gxf5 exf5 33. Rxe8 Qxe8 34.
Qxh6+ Bxh6 0-1

[Event "Bronshoj Lang Weekend 2013"]
[Site "Bronshoj"]
[Date "2013.02.10"]
[Round "5"]
[White "Rhee, Alexander Kasper"]
[Black "Yssing, Klaus"]
[Result "0-1"]
[WhiteElo "2168"]
[BlackElo "1914"]
[PlyCount "89"]
[EventDate "2013.??.??"]
[EventType "swiss"]
[EventRounds "7"]
[EventCountry "DEN"]

1. c4 Nf6 2. g3 e6 3. Bg2 d5 4. Nf3 Be7 5. O-O O-O 6. b3 c6 7. Bb2 Nbd7 8. e3
b5 9. cxb5 cxb5 10. Nd4 Qb6 11. Nc3 a6 12. a4 b4 13. a5 Qd6 14. Na2 Ne5 15. Nc1
Bd7 16. f4 Nc6 17. Nce2 Rfc8 18. d3 Bd8 19. Nxc6 Bxc6 20. Nd4 Bb5 21. g4 Nd7
22. g5 Nc5 23. Nxb5 axb5 24. Rf3 Nd7 25. Rh3 Rxa5 26. Rxa5 Bxa5 27. Qa1 Bb6 28.
Bxg7 Qxf4 29. d4 Qf5 30. Bh6 Qd3 31. Rf3 Ne5 32. Rg3 Ng4 33. Bf1 Qf5 34. Qe1
Rc1 35. Qe2 Rc2 36. Rxg4 Rxe2 37. Bxe2 e5 38. h3 exd4 39. exd4 Qc2 40. Kf1 Qxb3
41. Rf4 Qxh3+ 42. Kf2 b3 43. Bg4 Qh2+ 44. Kf3 b2 45. Be6 0-1

[Event "Bronshoj Lang Weekend 2013"]
[Site "Bronshoj"]
[Date "2013.02.10"]
[Round "5"]
[White "Andersen, Daniel"]
[Black "Nielsen, Morten Majlund"]
[Result "0-1"]
[WhiteElo "1844"]
[BlackElo "1889"]
[PlyCount "70"]
[EventDate "2013.??.??"]
[EventType "swiss"]
[EventRounds "7"]
[EventCountry "DEN"]

1. c4 Nf6 2. Nc3 e6 3. e4 Bb4 4. e5 Bxc3 5. bxc3 Ng8 6. Qg4 Ne7 7. Qxg7 Rg8 8.
Qxh7 c5 9. Nf3 Nbc6 10. h4 d6 11. exd6 Qxd6 12. h5 e5 13. Qe4 Bf5 14. Qe3 O-O-O
15. g3 Bg4 16. Bh3 Bxh3 17. Rxh3 Nf5 18. Qe2 e4 19. Nh4 Nxh4 20. Rxh4 f5 21.
Qe3 Ne5 22. Kf1 Nd3 23. Ba3 Qe7 24. Rb1 b6 25. Ke2 f4 26. Rxf4 Nxf4+ 27. Qxf4
Rdf8 28. Qh6 Rf6 29. Qe3 Rf3 30. Qh6 Qd7 31. Rf1 Rgxg3 32. Qh8+ Kb7 33. Qe5
Rxf2+ 34. Ke1 Rxf1+ 35. Kxf1 Qd3+ 0-1

[Event "Bronshoj Lang Weekend 2013"]
[Site "Bronshoj"]
[Date "2013.02.10"]
[Round "5"]
[White "Kyrkjebo, Hanna Bakken"]
[Black "Nilsson, Lars Kjoller"]
[Result "1-0"]
[WhiteElo "1543"]
[BlackElo "2036"]
[PlyCount "49"]
[EventDate "2013.??.??"]
[EventType "swiss"]
[EventRounds "7"]
[EventCountry "DEN"]

1. e4 c5 2. Nc3 Nc6 3. Bb5 Nd4 4. Bc4 a6 5. a4 d6 6. f4 Nf6 7. d3 Bg4 8. Nge2
e6 9. h3 Bxe2 10. Nxe2 d5 11. Nxd4 cxd4 12. exd5 Nxd5 13. O-O Be7 14. Qf3 Rc8
15. Kh1 O-O 16. f5 b5 17. axb5 axb5 18. Bxd5 exd5 19. Qg4 Rxc2 20. Bh6 g6 21.
Bxf8 Kxf8 22. fxg6 hxg6 23. Qxg6 Qe8 24. Ra8 Rc1 25. Qxf7# 1-0

[Event "Bronshoj Lang Weekend 2013"]
[Site "Bronshoj"]
[Date "2013.02.10"]
[Round "5"]
[White "Moller, Arne Vagn"]
[Black "Madsen, Michael B"]
[Result "0-1"]
[WhiteElo "1745"]
[BlackElo "1945"]
[PlyCount "74"]
[EventDate "2013.??.??"]
[EventType "swiss"]
[EventRounds "7"]
[EventCountry "DEN"]

1. e4 c5 2. Nf3 d6 3. d4 cxd4 4. Nxd4 Nf6 5. Nc3 a6 6. Be2 e5 7. Nb3 Be7 8. O-O
Qc7 9. Be3 Be6 10. Kh1 Bc4 11. f4 Nbd7 12. Bd3 exf4 13. Bxf4 Ne5 14. Bxe5 dxe5
15. Qf3 O-O 16. Bxc4 Qxc4 17. Rad1 Rad8 18. Rxd8 Bxd8 19. Rd1 Bc7 20. Qd3 Qc6
21. Nd5 Bd8 22. c4 g6 23. Nxf6+ Bxf6 24. Qe2 Rc8 25. Rf1 Kg7 26. Qf3 Qe6 27. c5
Be7 28. Qf2 Rc7 29. h4 h5 30. g3 Qc4 31. Qf3 Bxc5 32. Nxc5 Qxc5 33. Qf6+ Kh7
34. Qf3 Qe7 35. Qe2 Kg7 36. Rd1 Qe6 37. b3 Qh3+ 0-1

[Event "Bronshoj Lang Weekend 2013"]
[Site "Bronshoj"]
[Date "2013.02.10"]
[Round "5"]
[White "Jacobsen, Mikkel Manosri"]
[Black "Schmidt, Horst Hubert"]
[Result "0-1"]
[WhiteElo "1822"]
[BlackElo "1683"]
[PlyCount "66"]
[EventDate "2013.??.??"]
[EventType "swiss"]
[EventRounds "7"]
[EventCountry "DEN"]

1. d4 d5 2. Nf3 Nf6 3. Bf4 e6 4. e3 Bd6 5. Ne5 O-O 6. Bd3 Nc6 7. c3 Ne7 8. Nd2
Bd7 9. g4 Ng6 10. Bg3 Bc6 11. f4 Bxe5 12. fxe5 Ne4 13. Nxe4 dxe4 14. Be2 Qg5
15. Qd2 Nh4 16. Bf4 Ng2+ 17. Kd1 Nxf4 18. exf4 Qh4 19. Qe3 a6 20. Kc2 b5 21.
Rag1 f6 22. Rg3 fxe5 23. dxe5 Qe7 24. g5 b4 25. Bg4 bxc3 26. Qxc3 Bb5 27. Qa3
Bd3+ 28. Kc1 Qd7 29. Qc5 Rxf4 30. Rd1 Raf8 31. Be2 Qa4 32. Bxd3 exd3 33. Qa3
Qc2# 0-1

[Event "Bronshoj Lang Weekend 2013"]
[Site "Bronshoj"]
[Date "2013.02.10"]
[Round "5"]
[White "Hansen, Henrik Damgaard"]
[Black "Stuhr, Peter Sebastian"]
[Result "1/2-1/2"]
[WhiteElo "1679"]
[BlackElo "1825"]
[PlyCount "73"]
[EventDate "2013.??.??"]
[EventType "swiss"]
[EventRounds "7"]
[EventCountry "DEN"]

1. e4 e5 2. Nf3 Nf6 3. Nxe5 Nxe4 4. Nc3 Nxc3 5. dxc3 Qe7 6. Qe2 d6 7. Nf3 Bg4
8. Qxe7+ Bxe7 9. Bd3 Nd7 10. Be3 Bxf3 11. gxf3 Ne5 12. Bb5+ c6 13. Be2 Bf6 14.
O-O-O d5 15. Rhg1 g6 16. f4 Nc4 17. Bxc4 dxc4 18. Bd4 Bxd4 19. Rge1+ Kf8 20.
Rxd4 Kg7 21. Rxc4 Rhe8 22. Re3 Kf6 23. Rd4 Rad8 24. Kd2 c5 25. Rxd8 Rxd8+ 26.
Ke2 b6 27. Rd3 Re8+ 28. Kf3 Re7 29. c4 h5 30. c3 Rc7 31. a3 Ke6 32. Rd5 Kf6 33.
Ke4 Re7+ 34. Re5 Rd7 35. Rd5 Re7+ 36. Re5 Rd7 37. Rd5 1/2-1/2

[Event "Bronshoj Lang Weekend 2013"]
[Site "Bronshoj"]
[Date "2013.02.10"]
[Round "5"]
[White "Kyrkjebo, Marte Bakken"]
[Black "Kyrkjebo, Eirik"]
[Result "1/2-1/2"]
[WhiteElo "1632"]
[BlackElo "1733"]
[PlyCount "39"]
[EventDate "2013.??.??"]
[EventType "swiss"]
[EventRounds "7"]
[EventCountry "DEN"]

1. d4 f5 2. Nf3 Nf6 3. c4 e6 4. Bg5 Be7 5. Nc3 O-O 6. e3 b6 7. Bd3 Bb7 8. O-O
d5 9. cxd5 Nxd5 10. Bxe7 Qxe7 11. Re1 Nd7 12. e4 Nxc3 13. bxc3 Qf6 14. exf5
exf5 15. Bc4+ Kh8 16. Re6 Bxf3 17. Rxf6 Bxd1 18. Rxf8+ Rxf8 19. Rxd1 Nf6 20.
Re1 1/2-1/2

[Event "Bronshoj Lang Weekend 2013"]
[Site "Bronshoj"]
[Date "2013.02.10"]
[Round "5"]
[White "Mouritsen, Jan"]
[Black "Pedersen, Bo V"]
[Result "1-0"]
[WhiteElo "1714"]
[BlackElo "1425"]
[PlyCount "107"]
[EventDate "2013.??.??"]
[EventType "swiss"]
[EventRounds "7"]
[EventCountry "DEN"]

1. d4 Nf6 2. c4 g6 3. Nc3 Bg7 4. e4 d6 5. Nf3 O-O 6. g3 c5 7. d5 e5 8. Bg2 a6
9. O-O Bd7 10. a4 b6 11. h3 Nh5 12. Bg5 Bf6 13. Bh6 Ng7 14. Qd2 Be7 15. Kh2 f5
16. exf5 Bxf5 17. g4 Bd7 18. Nxe5 Bf6 19. Nf3 Rf7 20. Bg5 Qf8 21. Rae1 a5 22.
Bxf6 Rxf6 23. Ng5 Na6 24. Nge4 Rf7 25. Qh6 Ne8 26. Qxf8+ Rxf8 27. Nb5 Bxb5 28.
axb5 Nb4 29. Ng5 Nf6 30. Ne6 Rf7 31. f4 h6 32. Be4 Nxe4 33. Rxe4 Raa7 34. Nd8
Rf6 35. Nc6 Raf7 36. f5 gxf5 37. Ne7+ Kh7 38. Nxf5 h5 39. Kg3 Nd3 40. b3 Rf8
41. Kg2 hxg4 42. hxg4 Ne5 43. Rh1+ Kg8 44. Rh6 Rxh6 45. Nxh6+ Kh7 46. Nf5 Nxg4
47. Nxd6 Nf6 48. Rh4+ Kg6 49. Ne4 Nxe4 50. Rxe4 Rf6 51. Kg3 Kf5 52. Rf4+ Ke5
53. Rxf6 Kxf6 54. Kf4 1-0

[Event "Bronshoj Lang Weekend 2013"]
[Site "Bronshoj"]
[Date "2013.02.10"]
[Round "5"]
[White "Kristensen, Lars Ostergaard"]
[Black "Hansen, Morten Juhl"]
[Result "0-1"]
[WhiteElo "1495"]
[BlackElo "1000"]
[PlyCount "70"]
[EventDate "2013.??.??"]
[EventType "swiss"]
[EventRounds "7"]
[EventCountry "DEN"]

1. d4 d5 2. c4 dxc4 3. e3 Nf6 4. Nc3 e6 5. Nf3 b6 6. Bxc4 Bb7 7. O-O Nc6 8. Qa4
a6 9. Qc2 Nb4 10. Qe2 Nbd5 11. Rd1 Bb4 12. Bd2 O-O 13. Rac1 Qd6 14. Bd3 Ng4 15.
Bxh7+ Kh8 16. Ne4 Qe7 17. Bxb4 Nxb4 18. Nfg5 f5 19. Qf3 Bxe4 20. Qh3 Nh6 21.
Qh5 Nxa2 22. Ra1 Nb4 23. Rdc1 Nd3 24. Rc3 Nxb2 25. Rac1 Rac8 26. f3 Bb7 27. e4
fxe4 28. fxe4 Qf6 29. Rf3 Qxd4+ 30. Kh1 Rxf3 31. gxf3 Nd3 32. Rxc7 Qa1+ 33. Kg2
Nf4+ 34. Kf2 Nxh5 35. Nf7+ Kxh7 0-1

[Event "Bronshoj Lang Weekend 2013"]
[Site "Bronshoj"]
[Date "2013.02.10"]
[Round "5"]
[White "Brondum, Jan Kraul"]
[Black "Jensen, Jonbert"]
[Result "1/2-1/2"]
[WhiteElo "1309"]
[BlackElo "1392"]
[PlyCount "45"]
[EventDate "2013.??.??"]
[EventType "swiss"]
[EventRounds "7"]
[EventCountry "DEN"]

1. e4 d6 2. d4 Nf6 3. Bd3 Nc6 4. c3 e5 5. d5 Ne7 6. Na3 Bd7 7. Nc2 a6 8. Nf3
Ng6 9. O-O Nf4 10. Bxf4 exf4 11. Qd2 Nh5 12. Rae1 Be7 13. Ncd4 O-O 14. Bc2 g6
15. e5 dxe5 16. Nxe5 Bd6 17. Nxd7 Qxd7 18. Re4 Rfe8 19. Rfe1 Nf6 20. Rxe8+ Rxe8
21. Rxe8+ Nxe8 22. Qd3 Qe7 23. Qe4 1/2-1/2

[Event "Bronshoj Lang Weekend 2013"]
[Site "Bronshoj"]
[Date "2013.02.11"]
[Round "6"]
[White "Semcesen, Daniel"]
[Black "Danielsson, Dominik"]
[Result "1-0"]
[WhiteElo "2479"]
[BlackElo "1895"]
[PlyCount "65"]
[EventDate "2013.??.??"]
[EventType "swiss"]
[EventRounds "7"]
[EventCountry "DEN"]

1. c4 e5 2. Nc3 Nf6 3. g3 d5 4. cxd5 Nxd5 5. Bg2 Nb6 6. Nf3 Nc6 7. Rb1 Bf5 8.
d3 Be7 9. a3 a5 10. Be3 g5 11. Rc1 h5 12. h3 Rg8 13. Na4 Nd5 14. Bc5 Be6 15.
Bxe7 Qxe7 16. Rxc6 bxc6 17. Nxe5 Bd7 18. d4 f6 19. Nxd7 Qxd7 20. Nc5 Qd6 21. e4
Nb6 22. Qxh5+ Kf8 23. O-O Re8 24. Rd1 Re7 25. Nb7 Qe6 26. Nxa5 Kg7 27. Rc1 Rd7
28. Rxc6 Qa2 29. e5 Qb1+ 30. Kh2 fxe5 31. Qh6+ Kf7 32. Qf6+ Ke8 33. Re6+ 1-0

[Event "Bronshoj Lang Weekend 2013"]
[Site "Bronshoj"]
[Date "2013.02.11"]
[Round "6"]
[White "Pedersen, Jan Nordenbaek"]
[Black "Pedersen, Nicolai Vesterbaek"]
[Result "1/2-1/2"]
[WhiteElo "2263"]
[BlackElo "2440"]
[PlyCount "42"]
[EventDate "2013.??.??"]
[EventType "swiss"]
[EventRounds "7"]
[EventCountry "DEN"]

1. c4 e6 2. Nc3 d5 3. d4 Bb4 4. cxd5 exd5 5. Nf3 Ne7 6. Bf4 c6 7. e3 Bd6 8. Ne5
Bf5 9. g4 Be6 10. Nd3 Na6 11. h4 Nc7 12. Be2 Nc8 13. Qc2 Qe7 14. O-O-O a6 15.
h5 h6 16. Bxd6 Nxd6 17. Ne5 Ne4 18. Bd3 Nxc3 19. Qxc3 O-O-O 20. Kb1 Qd6 21. Be2
Kb8 1/2-1/2

[Event "Bronshoj Lang Weekend 2013"]
[Site "Bronshoj"]
[Date "2013.02.11"]
[Round "6"]
[White "Stojanovski, Sandi"]
[Black "Rosenkilde, Alexander"]
[Result "1/2-1/2"]
[WhiteElo "2230"]
[BlackElo "2242"]
[PlyCount "96"]
[EventDate "2013.??.??"]
[EventType "swiss"]
[EventRounds "7"]
[EventCountry "DEN"]

1. d4 Nf6 2. c4 e6 3. Nc3 Bb4 4. e3 b6 5. Bd3 Bb7 6. Nf3 Ne4 7. O-O f5 8. Ne2
Be7 9. Nd2 Nxd2 10. Bxd2 O-O 11. Qc2 Bf6 12. Rad1 g6 13. e4 Nc6 14. Bc3 Qe8 15.
e5 Bg7 16. f4 d5 17. cxd5 exd5 18. b4 Nd8 19. h3 Bc6 20. Rc1 Ba4 21. Qb2 Bb5
22. Bxb5 Qxb5 23. Qc2 Qd7 24. Bd2 Rc8 25. Rf3 Rf7 26. a4 c6 27. Rc3 Bf8 28. Qb3
Ne6 29. Be3 Qb7 30. R3c2 Kh8 31. Kh2 Rfc7 32. Ng1 Qa8 33. Nf3 Be7 34. Rd1 a5
35. bxa5 Qxa5 36. Rb1 Rb8 37. Rbc1 Qa8 38. Qa2 Qb7 39. Rd1 Qc8 40. Qb1 Qd7 41.
Rb2 Rcb7 42. Qa2 Ra8 43. Qb3 Rab8 44. Nd2 b5 45. a5 Ra8 46. Ra2 Ra6 47. Qd3
Rba7 48. Nb3 Ra8 1/2-1/2